Η επιστήμη των υπολογιστών : μια ολοκληρωμένη παρουσίαση
Αποθηκεύτηκε σε:
| Κύριος συγγραφέας: | |
|---|---|
| Μορφή: | Βιβλίο |
| Γλώσσα: | Greek English |
| Δημοσίευση: |
Aθήνα :
Κλειδάριθμος,
2008, c2005.
|
| Έκδοση: | 8η Αμερ. εκδ. |
| Θέματα: | |
| Ετικέτες: |
Προσθήκη ετικέτας
Δεν υπάρχουν, Καταχωρήστε ετικέτα πρώτοι!
|
MARC
| LEADER | 00000cam a2200000 i 4500 | ||
|---|---|---|---|
| 001 | 1/91075 | ||
| 008 | 080715s2005 gr | ||| |||| ||gre|| | ||
| 020 | |a 9602098902 | ||
| 035 | |l 10098990 | ||
| 040 | |a GR-MyUa |b gre |e AACR2 | ||
| 041 | 1 | |a gre |h eng | |
| 082 | 7 | |a 004 |2 (22) | |
| 100 | 1 | |a Brookshear, J. Glenn. | |
| 245 | 1 | 2 | |a Η επιστήμη των υπολογιστών : |b μια ολοκληρωμένη παρουσίαση / |c J. Glen Brookshear ; μετάφραση: Δημήτρης Καρτσακλής. |
| 250 | |a 8η Αμερ. εκδ. | ||
| 260 | |a Aθήνα : |b Κλειδάριθμος, |c 2008, c2005. | ||
| 300 | |a 639 σ. : |b εικ. ; |c 24 εκ. | ||
| 500 | |a Τίτλος πρωτοτύπου: Computer science : an overview. | ||
| 504 | |a Περιλαμβάνει βιβλιογραφίες και ευρετήριο. | ||
| 650 | 0 | |a Computer science. | |
| 852 | |a INST |b CHIOS |e 20080716 |h 004 BRO |p 005200027215 |q 005200027215 |t BK |y 0 | ||
| 852 | |a INST |b CHIOS |e 20080716 |h 004 BRO |p 005200027216 |q 005200027216 |t BK |y 0 | ||
| 852 | |a INST |b CHIOS |e 20080716 |h 004 BRO |p 005200027217 |q 005200027217 |t BK |y 0 | ||
| 852 | |a INST |b CHIOS |e 20080716 |h 004 BRO |p 005200027218 |q 005200027218 |t BK |y 0 | ||
| 852 | |a INST |b CHIOS |e 20080716 |h 004 BRO |p 005200027219 |q 005200027219 |t BK |y 0 | ||
| 852 | |a INST |b CHIOS |e 20080716 |h 004 BRO |p 005200027220 |q 005200027220 |t BK |y 0 | ||
| 852 | |a INST |b CHIOS |e 20080715 |h 004 BRO |p 005200027221 |q 005200027221 |t BK |y 0 | ||
| 852 | |a INST |b CHIOS |e 20081001 |h 004 BRO |p 005200027222 |q 005200027222 |t BK |y 0 | ||
| 852 | |a INST |b CHIOS |e 20080716 |h 004 BRO |p 005200027223 |q 005200027223 |t BK |y 0 | ||
| 852 | |a INST |b CHIOS |e 20080716 |h 004 BRO |p 005200027224 |q 005200027224 |t BK |y 0 | ||
| 852 | |a INST |b CHIOS |e 20120629 |h 004 BRO |p 005200035678 |q 005200035678 |t BK |y 0 | ||
| 852 | |a INST |b SYROS |e 20090430 |h 004 BRO |p 005500008496 |q 005500008496 |t BK |y 0 | ||
| 852 | |a INST |b SYROS |e 20090430 |h 004 BRO |p 005500008497 |q 005500008497 |t BK |y 0 | ||
| 901 | |a BIBL5-2009-1 | ||
| 901 | |a BIBL2-2008-2 | ||
| 901 | |a BIBL2-2012-2 | ||
| 920 | |a Τμήμα Ναυτιλίας και Επιχειρηματικών Υπηρεσιών |y Χίος |z 2008-07 | ||
| 970 | |a Βάρφης |b Βαγγέλης |z 15/07/2008 | ||